000 01218nam a22003257a 4500
005 20250224092508.0
008 250224b ||||| |||| 00| 0 eng d
020 _a9783031634505
020 _a9783031634512
040 _aCO-BoUCM
_cDavid Moreno
_dDavid Moreno
041 _aeng
245 0 0 _aArtificial Intelligence for Environmental Sustainability and Green Initiatives
_cAboul Ella Hassanien, Ashraf Darwish, Sally M. Elghamrawy
250 _a1a.Ed
260 _aSuiza
_bSpringer
_c2024
300 _axiii, 359 Paginas
504 _aIncluye referencias bibliográficas e índices
653 _aInteligencia artificial (IA) y sostenibilidad
653 _aIA para el medio ambiente
653 _aEficiencia energética con IA
653 _aIA en energías renovables
653 _aMonitoreo ambiental con IA
653 _aConservación de biodiversidad con IA
653 _aIA y economía circular
653 _aAgricultura sostenible con IA
700 1 _aHassanien, Aboul Ella
_eeditor
_9184797
700 1 _aDarwish, Ashraf
_eeditor
_9184798
700 1 _aElghamrawy, Sally M.
_eeditor
_9184799
942 _2DEWEY
_a14
_cLIBRO
_e1
_h006.3
_mH353a
_n0
999 _c325279
_d325279